Hipótesis acerca de las iglesias de los cerros en Valparaíso desde el punto de vista post-conciliar

שמור ב:
מידע ביבליוגרפי
מחבר ראשי: Casanueva Carrasco, Manuel Luis (Author)
פורמט: ספר
שפה:ספרדית
יצא לאור: Valparaíso Universidad Católica de Valparaíso 2000
נושאים:
תגים: הוספת תג
אין תגיות, היה/י הראשונ/ה לתייג את הרשומה!

MARC

LEADER 00000cam a2200000 a 4500
001 UCM0362
003 CL-VaPUC
008 020125e20000000CL |||||||||||||||||spa|d
082 0 4 |a 726.5  |b CAS  |2 21 
100 0 |a Casanueva Carrasco, Manuel Luis  |e author  |9 467086 
245 1 0 |a Hipótesis acerca de las iglesias de los cerros en Valparaíso desde el punto de vista post-conciliar 
300 |a 118 p 
651 0 |a Valparaíso, Chile  |9 261144 
942 |c BK 
945 |d 20020125 00:00:00  |a crobeson 
260 |a Valparaíso  |b Universidad Católica de Valparaíso  |c 2000 
650 0 |a Iglesias  |9 352850 
650 0 |a Arquitectura religiosa  |9 266677 
650 0 |a Planos arquitectónicos  |9 268148 
650 7 |a ESTRUCTURAS ARQUITECTONICAS  |2 CL-VaPUC  |9 467087 
583 |a last modification  |c 20130306 12:26:02  |k Rodrigo Vera 
999 |c 299285  |d 299283 
952 |0 0  |1 0  |4 0  |6 726_500000000000000_CAS_2000  |7 0  |8 R  |9 355616  |a BIBARQ  |b BIBARQ  |d 2019-11-21  |i 3788199  |l 1  |o 726.5 CAS 2000  |p 3788199  |r 2025-01-20  |s 2022-09-20  |w 2019-11-21  |y BK_R  |k ARQ 
952 |0 0  |1 0  |4 0  |6 726_500000000000000_CAS_2000  |7 0  |8 R  |9 355617  |a BIBARQ  |b BIBARQ  |d 2019-11-21  |i 479138K  |l 1  |o 726.5 CAS 2000  |p 479138K  |r 2025-01-20  |s 2022-09-20  |w 2019-11-21  |y BK_R  |k ARQ